Statistics for Most Capped Footballers for Germany(Men)

Click here to take the quiz!

General Stats

  • This quiz has been taken 947 times
    (821 since last reset)
  • The average score is 13 of 26

Answer Stats

CapsYearsAnswer% Correct
1062010-Thomas Müller
98%
1372001-2014Miroslav Klose
89%
1042009-Manuel Neuer
88%
1132004-2014Philipp Lahm
86%
1031965-1977Franz Beckenbauer
79%
1212004-2016Bastian Schweinsteiger
78%
861995-2006Oliver Kahn
78%
1501980-2000Lothar Matthäus
75%
1062010-2021Toni Kroos
70%
981999-2010Michael Ballack
67%
1302004-2017Lukas Podolski
64%
922009-2018Mesut Özil
61%
1081987-1998Jürgen Klinsmann
54%
951976-1986Karl-Heinz Rummenigge
45%
1042004-2014Per Mertesacker
43%
901982-1994Rudi Völler
43%
861984-1994Andreas Brehme
31%
951966-1979Josef Dieter "Sepp" Maier
27%
1051986-1998Jürgen Kohler
22%
811999-2008Bernd Schneider
16%
851988-1999Andreas Möller
15%
822002-2011Arne Friedrich
15%
961967-1978Hans-Hubert "Berti" Vogts
15%
1011988-2000Thomas Häßler
15%
811963-1974Wolfgang Overath
9%
811978-1986Karlheinz Förster
5%

Score Distribution

Percentile by Number Answered

Percent of People with Each Score

Your Score History

You have not taken this quiz since the last reset